| 000 | 00869nam a22002897a 4500 | ||
|---|---|---|---|
| 001 | 4945 | ||
| 003 | FISKH | ||
| 005 | 20250827085909.0 | ||
| 008 | 241028b cb ||||| |||| 00| 0 eng d | ||
| 020 | _a9780516225524 | ||
| 040 |
_aFISKH _beng _cFISKH _dFISKH |
||
| 050 | _aQC133.5 | ||
| 082 | _a531.32 | ||
| 100 |
_aJ. Murphy, Patricia _d(1924-2022) |
||
| 245 |
_aBack and forth / _cBy Patricia J. Murphy Consultants Martha Walsh, Reading Specialist Jan Jenner, Ph.D. |
||
| 250 | _a2002 | ||
| 260 |
_aCanada : _bChildren, _c2002. |
||
| 300 |
_a32 pages : _bcolor illustrations ; _c19 cm |
||
| 505 | _aJ | ||
| 520 | _aA simple introduction to back and forth movement. | ||
| 521 | 8 |
_a470
_bLexile |
|
| 521 | 8 |
_aJ
_bRaz-Plus |
|
| 650 |
_2Non-fiction _aGreen bookshelf |
||
| 650 |
_2Primary content area _aScience |
||
| 942 |
_2ddc _cBK _n0 |
||
| 999 |
_c4945 _d4945 |
||